[Event "2. Bundesliga Ost 2013/2014"]
[Site "Wien"]
[Date "2014.01.25"]
[Round "6"]
[Board "6"]
[White "Plank, Franz"]
[Black "Hechl, Gerald"]
[Result "1-0"]
[WhiteElo "2232"]
[BlackElo "2182"]
[PlyCount "201"]
[EventDate "2013.10.05"]
[EventType "team"]
[EventRounds "11"]
[EventCountry "AUT"]
[WhiteTeam "SG Hietzing/Ottakring"]
[BlackTeam "Spg Data Technology Eichgraben/P."]

1. e4 c5 2. Nf3 e6 3. c4 Nc6 4. Nc3 Nf6 5. Be2 d5 6. exd5 exd5 7. d4 cxd4 8.
Nxd4 dxc4 9. Nxc6 Qxd1+ 10. Bxd1 bxc6 11. Bf3 Bb7 12. O-O O-O-O 13. Bg5 Be7 14.
Rfe1 Rhe8 15. Rac1 h6 16. Be3 Kb8 17. Bf4+ Bd6 18. Rxe8 Nxe8 19. Rd1 Kc7 20.
Be3 Kb8 21. Bc5 f5 22. g3 Bc7 23. Rxd8+ Bxd8 24. Bh5 Nc7 25. Bf7 Nd5 26. Bd4
Bf6 27. Bxf6 Nxf6 28. Bxc4 Kc7 29. Be6 Bc8 30. Bxc8 Kxc8 31. f3 Kd7 32. Kf2 Kd6
33. Ke2 Nd7 34. Ke3 g5 35. f4 g4 36. Kd4 Nc5 37. Kc4 Ne6 38. b4 Nc7 39. a3 a6
40. Nd1 Nd5 41. Kd4 h5 42. Ne3 Nxe3 43. Kxe3 c5 44. Kd2 cxb4 45. axb4 Kc6 46.
Kc3 Kb6 47. Kd4 Kb5 48. Ke5 Kxb4 49. Kxf5 a5 50. Kg6 a4 51. f5 a3 52. f6 a2 53.
f7 a1=Q 54. f8=Q+ Kc4 55. Qf4+ Kd3 56. Kxh5 Qa2 57. Qf5+ Ke3 58. Qe5+ Kd3 59.
Kxg4 Qxh2 60. Kg5 Qa2 61. g4 Qg8+ 62. Kf4 Qc4+ 63. Kg3 Qc6 64. g5 Qh1 65. Qf5+
Kd4 66. Qf6+ Kc5 67. Qe5+ Kc6 68. Kg4 Qg2+ 69. Kf5 Qh3+ 70. Kg6 Qd3+ 71. Qf5
Qd6+ 72. Kh7 Qg3 73. Qe6+ Kc7 74. Qe7+ Kc6 75. Qe4+ Kd7 76. g6 Qh3+ 77. Kg8
Qb3+ 78. Kg7 Qc3+ 79. Kf7 Qb3+ 80. Kf6 Qc3+ 81. Kf5 Qh3+ 82. Kf6 Qc3+ 83. Kg5
Qd2+ 84. Kg4 Qd1+ 85. Kg3 Qg1+ 86. Kh4 Qh2+ 87. Kg5 Qd2+ 88. Qf4 Qc3 89. Qf7+
Kc8 90. Qe6+ Kc7 91. Qd5 Qe3+ 92. Kf6 Qf2+ 93. Qf5 Qh4+ 94. Kf7 Qc4+ 95. Kf8
Qb4+ 96. Kg8 Qh4 97. g7 Kd8 98. Qd5+ Ke7 99. Qf7+ Kd8 100. Qe6 Qh5 101. Qd6+
 1-0

[Event "2. Bundesliga Ost 2013/2014"]
[Site "Wien"]
[Date "2014.01.25"]
[Round "6"]
[Board "1"]
[White "Kummer, Helmut"]
[Black "Bernasek, Jan"]
[Result "1-0"]
[WhiteElo "2331"]
[BlackElo "2539"]
[PlyCount "103"]
[EventDate "2013.10.05"]
[EventType "team"]
[EventRounds "11"]
[EventCountry "AUT"]
[WhiteTeam "Purbach"]
[BlackTeam "Zwettl"]

1. d4 Nf6 2. c4 e6 3. Nf3 d5 4. Bg5 Nbd7 5. e3 h6 6. Bh4 g5 7. Bg3 Ne4 8. Nfd2
Nxg3 9. hxg3 Bg7 10. cxd5 exd5 11. Nc3 c5 12. dxc5 O-O 13. Nb3 Nf6 14. Bd3 Be6
15. Qc2 Rc8 16. O-O-O b6 17. Ba6 bxc5 18. Bxc8 Qxc8 19. f3 Bf5 20. Qf2 Bg6 21.
g4 a5 22. Nxd5 Nxd5 23. Rxd5 a4 24. Nxc5 Qc6 25. e4 Rc8 26. Rhd1 Bf8 27. Kb1
Bxc5 28. Qd2 Bf8 29. Rc1 Qb7 30. Rxc8 Qxc8 31. Rd8 Qc7 32. Ra8 Qc6 33. Rd8 a3
34. Qb4 Kh7 35. Rxf8 Qd5 36. bxa3 Qd1+ 37. Kb2 Qe2+ 38. Kc3 Qxg2 39. Qd4 Qxf3+
40. Kb4 Qxe4 41. Rxf7+ Kg8 42. Qxe4 Bxe4 43. Rf2 Kg7 44. Kc5 Kg6 45. Kd6 Bb7
46. Ke5 Bc8 47. a4 Bxg4 48. a5 Bc8 49. a6 Kh5 50. Rh2+ Kg6 51. Rc2 Bg4 52. Rc6+
 1-0

[Event "2. Bundesliga Ost 2013/2014"]
[Site "Wien"]
[Date "2014.01.25"]
[Round "6"]
[Board "2"]
[White "Polak, Thomas"]
[Black "Heiny, Johannes"]
[Result "1-0"]
[WhiteElo "2502"]
[BlackElo "2297"]
[PlyCount "65"]
[EventDate "2013.10.05"]
[EventType "team"]
[EventRounds "11"]
[EventCountry "AUT"]
[WhiteTeam "Zwettl"]
[BlackTeam "Purbach"]

1. d4 Nf6 2. c4 g6 3. Nc3 Bg7 4. e4 d6 5. Nf3 O-O 6. Be2 e5 7. O-O Nc6 8. d5
Ne7 9. b4 Ne8 10. c5 f5 11. Qb3 h6 12. a4 g5 13. exf5 Nxf5 14. Bd3 g4 15. Nd2
Nd4 16. Qd1 Qh4 17. Nde4 Bf5 18. Be3 Rd8 19. Ng3 Bc8 20. Nce4 Kh8 21. cxd6 Nxd6
22. Rc1 Nxe4 23. Bxe4 c6 24. Bxd4 exd4 25. Bb1 Be5 26. dxc6 d3 27. Bxd3 Rf5 28.
c7 Rd4 29. Bxf5 Rxd1 30. Rfxd1 Bxf5 31. Rc5 Bxg3 32. hxg3 Qf6 33. Rxf5 1-0

[Event "2. Bundesliga Ost 2013/2014"]
[Site "Wien"]
[Date "2014.01.25"]
[Round "6"]
[Board "3"]
[White "Wolfram, Bernd"]
[Black "Schroll, Gerhard"]
[Result "0-1"]
[WhiteElo "2259"]
[BlackElo "2384"]
[PlyCount "58"]
[EventDate "2013.10.05"]
[EventType "team"]
[EventRounds "11"]
[EventCountry "AUT"]
[WhiteTeam "Purbach"]
[BlackTeam "Zwettl"]

1. c4 d6 2. g3 e5 3. Bg2 g6 4. Nc3 Bg7 5. e4 Ne7 6. Nge2 h5 7. h4 Nbc6 8. d3
Be6 9. Nd5 Qd7 10. Bg5 Ng8 11. Qa4 f6 12. Be3 Nh6 13. f3 O-O 14. b4 a6 15. O-O
Kh7 16. Qd1 f5 17. Qd2 Rae8 18. a4 Nd4 19. Qb2 c6 20. Nb6 Qd8 21. a5 Nxe2+ 22.
Qxe2 f4 23. Bf2 fxg3 24. Bxg3 Bf6 25. Qe1 g5 26. hxg5 Bxg5 27. Kf2 h4 28. Bh2
Ng4+ 29. Kg1 Nxh2 0-1

[Event "2. Bundesliga Ost 2013/2014"]
[Site "Wien"]
[Date "2014.01.25"]
[Round "6"]
[Board "4"]
[White "Blatny, Pavel"]
[Black "Wiedermann, Daniel"]
[Result "1-0"]
[WhiteElo "2414"]
[BlackElo "2164"]
[PlyCount "105"]
[EventDate "2013.10.05"]
[EventType "team"]
[EventRounds "11"]
[EventCountry "AUT"]
[WhiteTeam "Zwettl"]
[BlackTeam "Purbach"]

1. b3 e5 2. Bb2 Nc6 3. e3 Nf6 4. g3 d5 5. Bg2 Bg4 6. Ne2 Qd7 7. h3 Be6 8. d3
O-O-O 9. Nd2 d4 10. e4 g5 11. a3 h5 12. b4 a6 13. f4 gxf4 14. gxf4 Rg8 15. Kf2
Qd6 16. f5 Bd7 17. Bc1 Bh6 18. Nc4 Qf8 19. Bxh6 Qxh6 20. Qd2 Qh7 21. Rh2 Qg7
22. a4 b5 23. axb5 axb5 24. Na5 Qg5 25. Qxg5 Rxg5 26. Nxc6 Bxc6 27. Bf3 h4 28.
Rhh1 Rdg8 29. Rhg1 Kb7 30. Rxg5 Rxg5 31. Rg1 Rxg1 32. Nxg1 Bd7 33. Bg4 Kc6 34.
Nf3 Kd6 35. Nxh4 c5 36. bxc5+ Kxc5 37. Ke2 b4 38. Kd2 Ba4 39. Bd1 Bc6 40. Nf3
Kd6 41. Kc1 Nd7 42. h4 Ke7 43. Kb2 Ba4 44. Ng5 Nc5 45. h5 Kf8 46. h6 Nd7 47.
Bh5 f6 48. Ne6+ Kg8 49. Be8 Nb6 50. Bg6 Nc8 51. Ng7 Nd6 52. Nh5 Kh8 53. Nxf6
 1-0

[Event "2. Bundesliga Ost 2013/2014"]
[Site "Wien"]
[Date "2014.01.25"]
[Round "6"]
[Board "5"]
[White "Heiny, Michael"]
[Black "Pisk, Petr"]
[Result "0-1"]
[WhiteElo "2084"]
[BlackElo "2410"]
[PlyCount "80"]
[EventDate "2013.10.05"]
[EventType "team"]
[EventRounds "11"]
[EventCountry "AUT"]
[WhiteTeam "Purbach"]
[BlackTeam "Zwettl"]

1. d4 g6 2. c4 Bg7 3. Nf3 c5 4. d5 d6 5. e4 e6 6. Nc3 exd5 7. cxd5 a6 8. a4 Ne7
9. h3 O-O 10. Bd3 h6 11. O-O g5 12. Nd2 Nd7 13. Nc4 Ne5 14. Nxe5 Bxe5 15. Qh5
Kg7 16. f4 Bxf4 17. Bxf4 gxf4 18. Rxf4 Ng6 19. Rf2 Qg5 20. Qxg5 hxg5 21. Raf1
Ne5 22. Be2 f6 23. b3 Bd7 24. Nd1 b5 25. a5 Be8 26. Ne3 Bg6 27. Nf5+ Bxf5 28.
Rxf5 Rac8 29. Rc1 c4 30. b4 Rh8 31. Kh2 Rh4 32. g4 Rch8 33. Rc3 Nxg4+ 34. Bxg4
Rxg4 35. Rcf3 Rh6 36. Re3 Rhh4 37. Ref3 Rf4 38. R3xf4 Rxf4 39. Rxf4 gxf4 40. e5
fxe5 0-1

[Event "2. Bundesliga Ost 2013/2014"]
[Site "Wien"]
[Date "2014.01.25"]
[Round "6"]
[Board "6"]
[White "Wagner, Stefan"]
[Black "Zimmermann, Heinz"]
[Result "1/2-1/2"]
[WhiteElo "2178"]
[BlackElo "2171"]
[PlyCount "105"]
[EventDate "2013.10.05"]
[EventType "team"]
[EventRounds "11"]
[EventCountry "AUT"]
[WhiteTeam "Zwettl"]
[BlackTeam "Purbach"]

1. e4 g6 2. c4 Bg7 3. g3 c5 4. Bg2 Nc6 5. Nc3 d6 6. Nge2 e6 7. a3 a6 8. Rb1 Rb8
9. b4 cxb4 10. axb4 b5 11. cxb5 axb5 12. d4 Nge7 13. O-O O-O 14. d5 exd5 15.
Nxd5 Nxd5 16. exd5 Ne5 17. Nd4 Qb6 18. Nc6 Bg4 19. Qb3 Nxc6 20. dxc6 Be6 21.
Bd5 Bxd5 22. Qxd5 Rbc8 23. Qxd6 Rxc6 24. Qe7 Bf6 25. Qe2 Rc4 26. Be3 Qe6 27.
Rfc1 Rfc8 28. Rxc4 Rxc4 29. Qd3 Qe4 30. Qxe4 Rxe4 31. Kg2 Bc3 32. Bc5 f5 33.
Rb3 Rc4 34. Kf3 Bd4 35. Bxd4 Rxd4 36. Ke3 Rc4 37. Kd3 g5 38. h3 Kf7 39. Rb1 Kf6
40. Rb2 h6 41. Rb1 h5 42. Rb2 f4 43. Rb1 Kf5 44. Rb2 fxg3 45. fxg3 h4 46. gxh4
Rxh4 47. Rb1 Rxh3+ 48. Kd4 Rh8 49. Kc5 Rb8 50. Kc6 g4 51. Kc7 Rg8 52. Kc6 g3
53. Kxb5 1/2-1/2

[Event "2. Bundesliga Ost 2013/2014"]
[Site "Wien"]
[Date "2014.01.25"]
[Round "6"]
[Board "1"]
[White "Szabo, Krisztian"]
[Black "Loeffler, Stefan"]
[Result "0-1"]
[WhiteElo "2558"]
[BlackElo "2415"]
[PlyCount "100"]
[EventDate "2013.10.05"]
[EventType "team"]
[EventRounds "11"]
[EventCountry "AUT"]
[WhiteTeam "ASVOE Mattersburg"]
[BlackTeam "ASVOE VHS Poechlarn"]

1. e4 Nf6 2. e5 Nd5 3. d4 d6 4. Nf3 dxe5 5. Nxe5 c6 6. Be2 Bf5 7. O-O e6 8. Bh5
g6 9. Bf3 h5 10. Nd2 Nd7 11. Nxd7 Qxd7 12. Ne4 Be7 13. c3 Nf6 14. Ng5 Qc7 15.
Re1 Rd8 16. h3 Nd5 17. Ne4 Nf4 18. Be3 g5 19. Ng3 Bg6 20. Bxf4 gxf4 21. Nf1 Kf8
22. Qe2 Rg8 23. Bxh5 Rd5 24. Bg4 Bf5 25. Nh2 c5 26. dxc5 Bd3 27. Qf3 Bxc5 28.
Rad1 Qd6 29. Rd2 f5 30. Red1 Be4 31. Qe2 fxg4 32. Nxg4 Rgg5 33. c4 f3 34. Qxe4
Rxd2 35. Rxd2 Qxd2 36. Qxf3+ Rf5 37. Qxb7 Bxf2+ 38. Nxf2 Qxf2+ 39. Kh2 Qb6 40.
Qd7 Qxb2 41. Qc8+ Ke7 42. Qc7+ Kf6 43. Qd8+ Ke5 44. Qc7+ Ke4 45. Qc6+ Kd3 46.
Qd6+ Qd4 47. Qxe6 Rf2 48. Qg6+ Kxc4 49. Qe6+ Kd3 50. Qb3+ Kd2 0-1

[Event "2. Bundesliga Ost 2013/2014"]
[Site "Wien"]
[Date "2014.01.25"]
[Round "6"]
[Board "2"]
[White "Kostic, Vladimir"]
[Black "Papp, Gabor"]
[Result "0-1"]
[WhiteElo "2436"]
[BlackElo "2583"]
[PlyCount "80"]
[EventDate "2013.10.05"]
[EventType "team"]
[EventRounds "11"]
[EventCountry "AUT"]
[WhiteTeam "ASVOE VHS Poechlarn"]
[BlackTeam "ASVOE Mattersburg"]

1. e4 c5 2. d3 Nf6 3. f4 d5 4. e5 Ng8 5. Nf3 Nc6 6. c3 Bg4 7. Nbd2 e6 8. h3
Bxf3 9. Nxf3 Nge7 10. Be3 d4 11. Bf2 Nd5 12. Qd2 dxc3 13. bxc3 Qa5 14. Rc1 Rd8
15. Be2 c4 16. O-O Ba3 17. Rc2 O-O 18. d4 b5 19. Ng5 h6 20. Ne4 b4 21. Bxc4
bxc3 22. Qe1 Ncb4 23. Rxc3 Nxc3 24. Qxc3 Nc6 25. Qd3 Be7 26. Bb3 Qa3 27. g4 a5
28. Qc4 Rc8 29. Qb5 Rfd8 30. Rd1 a4 31. Qxa4 Qxa4 32. Bxa4 Nxd4 33. Bxd4 Rc4
34. Bb3 Rdxd4 35. Nd2 Rc3 36. f5 exf5 37. gxf5 Rcd3 38. Rc1 Rxd2 39. Rc7 Re4
40. Kf1 Rxe5 0-1

[Event "2. Bundesliga Ost 2013/2014"]
[Site "Wien"]
[Date "2014.01.25"]
[Round "6"]
[Board "3"]
[White "Fodor, Tamas"]
[Black "Weinzettl, Ernst"]
[Result "0-1"]
[WhiteElo "2458"]
[BlackElo "2312"]
[PlyCount "74"]
[EventDate "2013.10.05"]
[EventType "team"]
[EventRounds "11"]
[EventCountry "AUT"]
[WhiteTeam "ASVOE Mattersburg"]
[BlackTeam "ASVOE VHS Poechlarn"]

1. d4 Nf6 2. c4 g6 3. Nc3 Bg7 4. e4 d6 5. Nf3 O-O 6. Be2 e5 7. Be3 Ng4 8. Bg5
f6 9. Bh4 Nc6 10. h3 Nh6 11. dxe5 dxe5 12. Qd5+ Nf7 13. c5 Qe8 14. Qb3 Nd4 15.
Qd1 Nxe2 16. Qxe2 c6 17. O-O g5 18. Bg3 g4 19. hxg4 Bxg4 20. Bh4 Nd8 21. Qc4+
Be6 22. Qd3 Qh5 23. Ne2 Nf7 24. Rfe1 Kh8 25. Ng3 Qg4 26. Nf1 Qg6 27. Bg3 Rg8
28. Nh4 Qh5 29. Qc2 Bh6 30. Ne3 Bf4 31. Nhf5 Nh6 32. Nxh6 Qxh6 33. Rad1 Rxg3
34. Rd6 Rxg2+ 35. Nxg2 Qh2+ 36. Kf1 Qh1+ 37. Ke2 Qxg2 0-1

[Event "2. Bundesliga Ost 2013/2014"]
[Site "Wien"]
[Date "2014.01.25"]
[Round "6"]
[Board "4"]
[White "Wilke, Werner"]
[Black "Brod, Manfred"]
[Result "0-1"]
[WhiteElo "2243"]
[BlackElo "2237"]
[PlyCount "80"]
[EventDate "2013.10.05"]
[EventType "team"]
[EventRounds "11"]
[EventCountry "AUT"]
[WhiteTeam "ASVOE VHS Poechlarn"]
[BlackTeam "ASVOE Mattersburg"]

1. e4 c5 2. c3 d5 3. exd5 Qxd5 4. d4 Nc6 5. Nf3 Bg4 6. Be2 cxd4 7. cxd4 e6 8.
Nc3 Qa5 9. h3 Bh5 10. d5 exd5 11. Nd4 Bxe2 12. Qxe2+ Be7 13. Nxc6 bxc6 14. O-O
Rd8 15. Bd2 d4 16. b4 Qf5 17. Ne4 Nf6 18. Nxf6+ Qxf6 19. Rfe1 Rd7 20. Qg4 h5
21. Rxe7+ Kxe7 22. Re1+ Kd8 23. Qg3 Kc8 24. b5 cxb5 25. Re5 a6 26. Rc5+ Kb7 27.
Bg5 Qd6 28. Qf3+ Kb6 29. Rf5 Re8 30. Bd2 g6 31. Rf4 f5 32. g4 hxg4 33. hxg4 Rh7
34. gxf5 gxf5 35. Rxf5 Qh2+ 36. Kf1 Qh1+ 37. Qxh1 Rxh1+ 38. Kg2 Ra1 39. Rf6+
Kc5 40. Rxa6 Re2 0-1

[Event "2. Bundesliga Ost 2013/2014"]
[Site "Wien"]
[Date "2014.01.25"]
[Round "6"]
[Board "5"]
[White "Wiedner, Robert"]
[Black "Loidl, Florian"]
[Result "1-0"]
[WhiteElo "2140"]
[BlackElo "2192"]
[PlyCount "61"]
[EventDate "2013.10.05"]
[EventType "team"]
[EventRounds "11"]
[EventCountry "AUT"]
[WhiteTeam "ASVOE Mattersburg"]
[BlackTeam "ASVOE VHS Poechlarn"]

1. Nf3 Nf6 2. b3 d5 3. e3 Bg4 4. Bb2 e6 5. h3 Bxf3 6. Qxf3 Nbd7 7. g4 c6 8. c4
Qa5 9. Qe2 O-O-O 10. a3 dxc4 11. b4 Qd5 12. Rg1 Ne5 13. Bxe5 Qxe5 14. Ra2 Qh2
15. Rg2 Qxh3 16. Qxc4 h5 17. b5 Nxg4 18. bxc6 Ne5 19. cxb7+ Kb8 20. Qe4 Nf3+
21. Ke2 Nh2 22. Nc3 Nxf1 23. Kxf1 Qh1+ 24. Ke2 f5 25. Qc6 Bd6 26. Nb5 Qb1 27.
Rc2 f4 28. Nxd6 f3+ 29. Kxf3 Qd1+ 30. Ke4 Qb1 31. Qc7# 1-0

[Event "2. Bundesliga Ost 2013/2014"]
[Site "Wien"]
[Date "2014.01.25"]
[Round "6"]
[Board "6"]
[White "Gratze, Michael"]
[Black "Savio, Alfred Jun."]
[Result "1-0"]
[WhiteElo "1982"]
[BlackElo "2018"]
[PlyCount "61"]
[EventDate "2013.10.05"]
[EventType "team"]
[EventRounds "11"]
[EventCountry "AUT"]
[WhiteTeam "ASVOE VHS Poechlarn"]
[BlackTeam "ASVOE Mattersburg"]

1. e4 c6 2. d4 d5 3. exd5 cxd5 4. c4 Nf6 5. Nc3 g6 6. cxd5 Nxd5 7. Bc4 Nb6 8.
Bb3 Bg7 9. Nf3 O-O 10. h3 Nc6 11. Be3 Na5 12. Bc2 Nac4 13. Qe2 Nxe3 14. fxe3
Be6 15. b3 Rc8 16. Ne4 Qc7 17. Rc1 Bf5 18. O-O Bxe4 19. Bxe4 Qxc1 20. Rxc1
Rxc1+ 21. Kh2 Rfc8 22. Bxb7 R8c3 23. Qb5 Bh6 24. Qe8+ Kg7 25. Ne5 Rf1 26. Bf3
Rxe3 27. Qxf7+ Kh8 28. Qe8+ Kg7 29. Qxe7+ Kg8 30. Qf7+ Kh8 31. Ng4 1-0

[Event "2. Bundesliga Ost 2013/2014"]
[Site "Wien"]
[Date "2014.01.25"]
[Round "6"]
[Board "1"]
[White "Lipka, Juraj"]
[Black "Antal, Gergely"]
[Result "1-0"]
[WhiteElo "2419"]
[BlackElo "2517"]
[PlyCount "135"]
[EventDate "2013.10.05"]
[EventType "team"]
[EventRounds "11"]
[EventCountry "AUT"]
[WhiteTeam "ASVOE Pamhagen"]
[BlackTeam "ASVOE Wulkaprodersdorf"]

1. Nf3 Nf6 2. c4 g6 3. g3 Bg7 4. Bg2 c6 5. d4 d5 6. cxd5 cxd5 7. Nc3 O-O 8. Ne5
e6 9. O-O Nfd7 10. Nxd7 Bxd7 11. b3 Qa5 12. Bd2 Qa3 13. e3 Rc8 14. Qc1 Qf8 15.
Qb2 Nc6 16. Rac1 Nb4 17. Qb1 Qd6 18. a3 Na6 19. Qb2 Bf8 20. Ra1 h5 21. Rfc1 h4
22. e4 Bg7 23. e5 Qb6 24. Nd1 Bb5 25. Ne3 Bd3 26. Ng4 Qd8 27. Bh6 Bxh6 28.
Nxh6+ Kg7 29. Qd2 hxg3 30. hxg3 Bf5 31. g4 Qh4 32. gxf5 gxf5 33. Bxd5 Rxc1+ 34.
Rxc1 Rd8 35. Bxb7 Rxd4 36. Qe3 Nc5 37. Bg2 Nd7 38. Rc8 Nf8 39. Rc7 Rd1+ 40. Bf1
Rd7 41. Rxd7 Nxd7 42. Bb5 Nf8 43. Nxf5+ exf5 44. Qg3+ Qxg3+ 45. fxg3 f6 46. Bd3
Ne6 47. Bc4 Nd4 48. e6 Kf8 49. Kf2 Ke7 50. Ke3 Nc2+ 51. Kd2 Nd4 52. b4 Kd6 53.
a4 Nc6 54. Kc3 Ne7 55. a5 Nc6 56. b5 Ne7 57. Kd4 Nc8 58. Bd5 Ne7 59. Bb7 Kc7
60. Bf3 Kd6 61. b6 axb6 62. axb6 Ng6 63. b7 Kc7 64. Kc5 Ne7 65. b8=Q+ Kxb8 66.
Kd6 Nc8+ 67. Kd7 Nb6+ 68. Kd8 1-0

[Event "2. Bundesliga Ost 2013/2014"]
[Site "Wien"]
[Date "2014.01.25"]
[Round "6"]
[Board "3"]
[White "Vitouch, Anatol"]
[Black "Kopinits, Anna-Christina"]
[Result "1-0"]
[WhiteElo "2270"]
[BlackElo "2286"]
[PlyCount "33"]
[EventDate "2013.10.05"]
[EventType "team"]
[EventRounds "11"]
[EventCountry "AUT"]
[WhiteTeam "ASVOE Pamhagen"]
[BlackTeam "ASVOE Wulkaprodersdorf"]

1. c4 c6 2. g3 d5 3. Nf3 Bg4 4. Bg2 e6 5. cxd5 exd5 6. O-O Nf6 7. d3 Be7 8. Qb3
Qb6 9. Qc2 Nbd7 10. Nc3 O-O 11. h3 Bh5 12. e4 Nc5 13. Be3 dxe4 14. dxe4 Qb4 15.
Nd2 Nfd7 16. a3 Qb6 17. b4 1-0

[Event "2. Bundesliga Ost 2013/2014"]
[Site "Wien"]
[Date "2014.01.25"]
[Round "6"]
[Board "4"]
[White "Newrkla, Katharina"]
[Black "Bezuch, Martin"]
[Result "1-0"]
[WhiteElo "2174"]
[BlackElo "2295"]
[PlyCount "119"]
[EventDate "2013.10.05"]
[EventType "team"]
[EventRounds "11"]
[EventCountry "AUT"]
[WhiteTeam "ASVOE Wulkaprodersdorf"]
[BlackTeam "ASVOE Pamhagen"]

1. e4 g6 2. d4 Bg7 3. Nc3 d6 4. f4 a6 5. Nf3 b5 6. Bd3 Nd7 7. Be3 Bb7 8. e5 c5
9. Be4 Qc8 10. O-O Nh6 11. dxc5 Ng4 12. Bd4 dxc5 13. Bf2 Bxe4 14. Nxe4 Qc6 15.
Qe2 Nxf2 16. Rxf2 O-O 17. c4 Nb6 18. Nfd2 Rfd8 19. Rc1 b4 20. Nb3 a5 21. Qf3
Rdc8 22. Nbxc5 f5 23. exf6 exf6 24. f5 Ra7 25. b3 Re7 26. Rd1 gxf5 27. Qxf5 Re5
28. Rd6 Qe8 29. Re6 Qd8 30. Rxe5 Qd1+ 31. Rf1 Qd4+ 32. Kh1 Qxe5 33. Ne6 Qxf5
34. Rxf5 Nxc4 35. bxc4 Rxc4 36. Ng3 Rc2 37. h4 Rxa2 38. Rb5 Bh6 39. Nf5 Kf7 40.
Nd8+ Ke8 41. Nb7 Bf4 42. g3 Bc7 43. Nc5 Be5 44. h5 Rf2 45. g4 Ra2 46. Rb7 Rc2
47. Ne6 Bc7 48. Nxc7+ Kd7 49. Na6+ Kc8 50. Rb5 Ra2 51. Kg1 Kd7 52. Nd4 Ke7 53.
Rb7+ Kd6 54. Rxh7 Ke5 55. Rd7 Kf4 56. h6 Kg3 57. Kf1 Rh2 58. Rg7 Kf4 59. h7 Ke3
60. Kg1 1-0

[Event "2. Bundesliga Ost 2013/2014"]
[Site "Wien"]
[Date "2014.01.25"]
[Round "6"]
[Board "5"]
[White "Rueckschloss, Karol"]
[Black "Mesaros, Florian"]
[Result "0-1"]
[WhiteElo "2244"]
[BlackElo "2180"]
[PlyCount "162"]
[EventDate "2013.10.05"]
[EventType "team"]
[EventRounds "11"]
[EventCountry "AUT"]
[WhiteTeam "ASVOE Pamhagen"]
[BlackTeam "ASVOE Wulkaprodersdorf"]

1. c4 g6 2. d4 Nf6 3. Nc3 d5 4. Nf3 Bg7 5. e3 O-O 6. Be2 c5 7. O-O cxd4 8. Nxd4
Nc6 9. Nxc6 bxc6 10. Qa4 Bb7 11. Rd1 e6 12. Qa3 Nd7 13. Bd2 Ne5 14. cxd5 cxd5
15. Nb5 Qd7 16. Bc3 a6 17. Nd4 Rfc8 18. Rac1 Nc4 19. Bxc4 Rxc4 20. Ne2 e5 21.
Qb3 Rac8 22. Ba5 Rxc1 23. Rxc1 Rxc1+ 24. Nxc1 d4 25. Bd2 Qc6 26. f3 e4 27. f4
d3 28. a4 h5 29. Na2 Bf8 30. Nc3 h4 31. h3 Be7 32. Qd1 Bf6 33. Qc1 Qc4 34. Qa1
Kh7 35. Qa3 Kg8 36. Qd6 Qc6 37. Qxc6 Bxc6 38. b4 Bb7 39. b5 axb5 40. Nxb5 Bc6
41. Nc3 Kf8 42. a5 Ke8 43. a6 Kd8 44. Na2 Kc7 45. Ba5+ Kc8 46. Kf2 Bd8 47. Bxd8
Kxd8 48. Nb4 Kc7 49. a7 Bb7 50. Na6+ Kb6 51. Nb8 Kxa7 52. Nd7 Bd5 53. Ke1 Kb7
54. Kd2 Kc6 55. Ne5+ Kd6 56. Ng4 Ke6 57. Kc3 f6 58. Nf2 Kf5 59. Kd2 g5 60. fxg5
Kxg5 61. Ke1 f5 62. Nd1 Kf6 63. Nc3 Bc6 64. Kf2 Kg5 65. Nb1 f4 66. Nd2 Kf5 67.
Nc4 Bd5 68. Nd2 Ke5 69. Nf1 Be6 70. Nd2 Ba2 71. Nf1 Bf7 72. Nd2 Kd5 73. Nf1 Bh5
74. Nd2 Bg6 75. Nf1 Kc4 76. Ke1 fxe3 77. Nxe3+ Kc3 78. Nd5+ Kc2 79. Nb4+ Kc1
80. Na2+ Kb2 81. Nb4 e3 0-1

[Event "2. Bundesliga Ost 2013/2014"]
[Site "Wien"]
[Date "2014.01.25"]
[Round "6"]
[Board "6"]
[White "Wanderer, Thomas"]
[Black "Travenec, Igor"]
[Result "1/2-1/2"]
[WhiteElo "2193"]
[BlackElo "2238"]
[PlyCount "62"]
[EventDate "2013.10.05"]
[EventType "team"]
[EventRounds "11"]
[EventCountry "AUT"]
[WhiteTeam "ASVOE Wulkaprodersdorf"]
[BlackTeam "ASVOE Pamhagen"]

1. e4 e6 2. d3 d5 3. Nd2 Nf6 4. Ngf3 c5 5. g3 Nc6 6. Bg2 Be7 7. O-O O-O 8. e5
Nd7 9. Re1 Qc7 10. Qe2 b6 11. c4 dxc4 12. dxc4 Bb7 13. b3 Rad8 14. Bb2 Nb4 15.
Ne4 Nb8 16. Bc3 N8c6 17. Rad1 Rxd1 18. Rxd1 Rd8 19. a3 Na6 20. h4 h6 21. Rd3
Nd4 22. Nxd4 cxd4 23. Rxd4 Bxa3 24. Nf6+ gxf6 25. Rxd8+ Qxd8 26. Bxb7 Nc5 27.
Qg4+ Kf8 28. Bc6 f5 29. Qf4 Qd1+ 30. Kg2 Bc1 31. Bf3 Qc2 1/2-1/2

[Event "2. Bundesliga Ost 2013/2014"]
[Site "Wien"]
[Date "2014.01.25"]
[Round "6"]
[Board "1"]
[White "Sommerbauer, Norbert"]
[Black "Nagy, Bence"]
[Result "1-0"]
[WhiteElo "2424"]
[BlackElo "2358"]
[PlyCount "93"]
[EventDate "2013.10.05"]
[EventType "team"]
[EventRounds "11"]
[EventCountry "AUT"]
[WhiteTeam "Raiffeisen Waehring"]
[BlackTeam "SK Austria"]

1. e4 c5 2. Nf3 e6 3. c4 d6 4. d4 cxd4 5. Nxd4 Nf6 6. Nc3 a6 7. Be2 Qc7 8. O-O
b6 9. Be3 Bb7 10. f3 Nbd7 11. Qd2 Be7 12. Rac1 O-O 13. b4 Rac8 14. a3 Qb8 15.
Nb3 Bd8 16. Rfd1 Bc7 17. Bf4 Ne5 18. Bxe5 dxe5 19. Qe3 Rfd8 20. Kh1 Rxd1+ 21.
Rxd1 Rd8 22. Rxd8+ Qxd8 23. c5 Nd7 24. c6 Bxc6 25. Bxa6 Nb8 26. Bf1 h6 27. Qd2
Kf8 28. Nb5 Qxd2 29. Nxd2 Bd8 30. Na7 Bb7 31. Nc4 f6 32. Nd6 Bc6 33. Bb5 Bxb5
34. Naxb5 Ke7 35. Nc4 Nc6 36. Kg1 Nd4 37. Nxd4 exd4 38. b5 Kd7 39. Kf2 Kc7 40.
f4 Be7 41. Ke2 Bc5 42. Kd3 g5 43. fxg5 hxg5 44. h3 f5 45. a4 Kd7 46. Ne5+ Ke7
47. Nf3 1-0

[Event "2. Bundesliga Ost 2013/2014"]
[Site "Wien"]
[Date "2014.01.25"]
[Round "6"]
[Board "2"]
[White "Sardy, Peter"]
[Black "Lendwai, Reinhard"]
[Result "1-0"]
[WhiteElo "2337"]
[BlackElo "2379"]
[PlyCount "85"]
[EventDate "2013.10.05"]
[EventType "team"]
[EventRounds "11"]
[EventCountry "AUT"]
[WhiteTeam "SK Austria"]
[BlackTeam "Raiffeisen Waehring"]

1. e4 Nf6 2. e5 Nd5 3. c4 Nb6 4. b3 c5 5. Nf3 Nc6 6. Bb2 d6 7. exd6 Qxd6 8. d4
cxd4 9. Nxd4 Nxd4 10. Qxd4 Qxd4 11. Bxd4 Nd7 12. g3 e5 13. Bb2 Nc5 14. Nc3 Bg4
15. Be2 Bxe2 16. Kxe2 O-O-O 17. Rad1 Ne6 18. Rxd8+ Nxd8 19. Rd1 Nc6 20. Ne4 f6
21. f4 exf4 22. gxf4 h5 23. Kf3 Be7 24. Ng3 Rh7 25. Nf5 Bf8 26. Rg1 Kd7 27. Ke4
Ke6 28. Nd4+ Nxd4 29. Bxd4 b6 30. f5+ Kd6 31. a4 Kc6 32. Bc3 a5 33. h3 Bc5 34.
Rg2 Rh8 35. Rxg7 Re8+ 36. Kf4 Re3 37. Bxf6 Rxb3 38. Be5 b5 39. axb5+ Kb6 40.
Bc7+ Kb7 41. Bxa5+ Ka8 42. Ke4 Rxh3 43. Kd5 1-0

[Event "2. Bundesliga Ost 2013/2014"]
[Site "Wien"]
[Date "2014.01.25"]
[Round "6"]
[Board "3"]
[White "Kirschner, Alexander"]
[Black "Staudner, Oliver"]
[Result "1/2-1/2"]
[WhiteElo "2286"]
[BlackElo "2392"]
[PlyCount "120"]
[EventDate "2013.10.05"]
[EventType "team"]
[EventRounds "11"]
[EventCountry "AUT"]
[WhiteTeam "Raiffeisen Waehring"]
[BlackTeam "SK Austria"]

1. c4 e6 2. e4 d5 3. exd5 exd5 4. d4 Nf6 5. Nc3 Nc6 6. c5 Be7 7. Bb5 O-O 8. Nf3
Bg4 9. Bxc6 bxc6 10. h3 Bh5 11. g4 Bg6 12. Ne5 Re8 13. O-O Ne4 14. Nxe4 dxe4
15. Nxc6 Qd5 16. Nxe7+ Rxe7 17. Bf4 Rb8 18. b3 Rb4 19. Be3 c6 20. Qe2 f6 21.
Rac1 Bf7 22. Qd2 a5 23. Rc4 Reb7 24. Rxb4 Rxb4 25. Rd1 h5 26. Qe2 a4 27. bxa4
Rxa4 28. Rd2 hxg4 29. Qxg4 Be6 30. Qg3 Rxa2 31. Rxa2 Qxa2 32. Qb8+ Kh7 33. Kh2
Qd5 34. Qg3 Qh5 35. Kg2 g5 36. Bd2 Kg6 37. Be3 Bc4 38. Kg1 Be6 39. Kg2 Bd5 40.
Qg4 f5 41. Qxh5+ Kxh5 42. Kh2 Kg6 43. Bd2 f4 44. h4 Kh5 45. hxg5 Kxg5 46. Kh3
Bc4 47. Kg2 Be2 48. Bc1 Kg4 49. Bd2 Bf3+ 50. Kh2 Be2 51. Kg2 Bd1 52. Bc1 Kf5
53. Bd2 Bb3 54. Bc1 Bd5 55. Kh3 Bc4 56. Kg2 Kg4 57. f3+ Kf5 58. fxe4+ Kxe4 59.
Kf2 Kxd4 60. Bxf4 Kxc5 1/2-1/2